000 00400nam a2200169Ia 4500
003 GCL
008 140319s9999 xx 000 0 eng d
040 _aGCL /
_cGCL
082 0 4 _a629.133
_bC C
100 1 _aCLARKE, BILL
245 1 0 _aTHE CESSNA 150 & 152 /
_cCLARKE, BILL
260 _a[S.N] :
_bTAB BOOKS
300 _a248\P
650 0 4 _aCESSNA 152
650 0 4 _aCESSNA 150
942 _2ddc
_cBK
999 _c11353
_d11353